Наша вселенная (Запись № 893208)

Подробности
000 -МАРКЕР
контрольное поле 01701nam0a2200349 4500
001 - ИДЕНТИФИКАТОР ЗАПИСИ
контрольное поле RU\NLR\bibl\1654927
005 - ИДЕНТИФИКАТОР ВЕРСИИ
контрольное поле 20260406070847.0
035 ## - ДРУГИЕ СИСТЕМНЫЕ НОМЕРА
Идентификатор записи (NLR Aleph) 001646236
100 ## - ДАННЫЕ ОБЩЕЙ ОБРАБОТКИ
Данные общей обработки 20100713d2010 |||y0rusy50 ca
101 0# - ЯЗЫК РЕСУРСА
Язык текста, звукозаписи и т.д. русский
102 ## - СТРАНА ПУБЛИКАЦИИ ИЛИ ПРОИЗВОДСТВА
Страна публикации Российская Федерация
105 ## - ПОЛЕ КОДИРОВАННЫХ ДАННЫХ: ТЕКСТОВЫЕ МАТЕРИАЛЫ, МОНОГРАФИЧЕСКИЕ
Кодированные данные о монографическом текстовом документе a |||||||||
200 1# - ЗАГЛАВИЕ И СВЕДЕНИЯ ОБ ОТВЕТСТВЕННОСТИ
Основное заглавие Наша вселенная
Сведения, относящиеся к заглавию открытие века
Первые сведения об ответственности Вл. Захаров
205 ## - СВЕДЕНИЯ ОБ ИЗДАНИИ
Сведения об издании [Изд. 2-е, доп.]
210 ## - ПУБЛИКАЦИЯ, РАСПРОСТРАНЕНИЕ И ДР.
Место издания, распространения и т.д. Санкт-Петербург
Имя издателя, распространителя и т. д. СПбГУП
Дата издания, распространения и т.д. 2010
215 ## - ФИЗИЧЕСКАЯ ХАРАКТЕРИСТИКА
Специфическое обозначение материала и объем 95 с.
Другие сведения о физической характеристике ил.
Размеры 21
225 1# - СЕРИЯ
Основное заглавие серии Новые горизонты науки
300 ## - ОБЩИЕ ПРИМЕЧАНИЯ
Текст примечания Загл. 1-го изд.: Разгадка модели Вселенной
316 ## - ПРИМЕЧАНИЯ ОБ ОСОБЕННОСТЯХ ЭКЗЕМПЛЯРА
Текст примечания С автогр. авт.
Организация и экземпляр, к которому относится поле NLR
316 ## - ПРИМЕЧАНИЯ ОБ ОСОБЕННОСТЯХ ЭКЗЕМПЛЯРА
Текст примечания автограф
Организация и экземпляр, к которому относится поле NLR:2010-4/9647
320 ## - ПРИМЕЧАНИЯ О НАЛИЧИИ В ДОКУМЕНТЕ БИБЛИОГРАФИИ / УКАЗАТЕЛЯ
Текст примечания Библиогр.: с. 92-93 (35 назв.)
451 #0 - ДРУГОЕ ИЗДАНИЕ [КАТАЛОГИЗИРУЕМОГО ДОКУМЕНТА] НА АНАЛОГИЧНОМ НОСИТЕЛЕ
Встроенное поле 2001#$aРазгадка модели Вселенной$fВ.П. Захаров
-- 700#1$3RU\NLR\auth\7716039$aЗахаров$bВ. П.$cписатель$f1927-$gВладимир Петрович$4070
-- 210##$aСанкт-Петербург$d2004
Заглавие Разгадка модели Вселенной
Автор Захаров, Владимир Петрович (писатель ; 1927-)
606 1# - НАИМЕНОВАНИЕ ТЕМЫ КАК ПРЕДМЕТ
Наименование темы Космология
Тематический подзаголовок Фридмана модели
Системный номер авторитетной/нормативной записи 2176132
Идентификатор авторитетной/нормативной записи RU\NLR\auth\661308834
606 1# - НАИМЕНОВАНИЕ ТЕМЫ КАК ПРЕДМЕТ
Наименование темы Вселенная
Тематический подзаголовок Модели
Системный номер авторитетной/нормативной записи 1407263
Идентификатор авторитетной/нормативной записи RU\NLR\auth\66280684
686 ## - ИНДЕКСЫ ДРУГИХ КЛАССИФИКАЦИЙ
Индекс В632.93в
700 #1 - ИМЯ ЛИЦА - ПЕРВИЧНАЯ ОТВЕТСТВЕННОСТЬ
Код отношения Автор
Графика поля Кириллица
Материалы, к которым относится поле rus
Начальный элемент ввода Захаров
Часть имени, кроме начального элемента ввода В. П.
Дополнения к именам, кроме дат писатель
Даты 1927-
Расширение инициалов личного имени Владимир Петрович
Системный номер авторитетной/нормативной записи 125683
Идентификатор авторитетной/нормативной записи RU\NLR\auth\7716039
801 #0 - ИСТОЧНИК ЗАПИСИ
Страна Российская Федерация
Организация NLR
Дата составления 20100713
Правила каталогизации RCR
801 #1 - ИСТОЧНИК ЗАПИСИ
Страна Российская Федерация
Организация NLR
Дата составления 20100713
942 ## - ДОПОЛНИТЕЛЬНЫЕ ЭЛЕМЕНТЫ ЗАПИСИ (АБИС)
Тип экземпляра АБИС Книга
980 ## - КОЛЛЕКЦИЯ
Название коллекции Национальная библиография
Экземпляры
Тип экземпляра Дата поступления Источник поступления Библиотека постоянного хранения Библиотека текущего хранения Место хранения Шифр хранения Штрих-код Статус экземпляра
Книга 13.07.2010 Дар РНБ (Московский) РНБ (Московский) Русский книжный фонд: издания с 1957 года 2010-4/9647 3212468  
Книга 03.12.2012 Дар РНБ (Московский) РНБ (Московский) Русский книжный фонд: издания с 1957 года 2010-4/9647 3781938